Central Library OPAC University of Rajshahi

Management information systems / (Record no. 15824)

MARC details
000 -LEADER
fixed length control field 00752nam a22002417a 4500
001 - CONTROL NUMBER
control field 15824
003 - CONTROL NUMBER IDENTIFIER
rucl marc code BD-RjUL
005 - DATE AND TIME OF LATEST TRANSACTION
control field 20211208235907.0
008 - FIXED-LENGTH DATA ELEMENTS--GENERAL INFORMATION
fixed length control field 161003s20051997ii ||||| |||| 00| 0 eng d
020 ## - INTERNATIONAL STANDARD BOOK NUMBER
International Standard Book Number 8120311809
035 ## - SYSTEM CONTROL NUMBER
System control number (BD-RjUL)15879
040 ## - CATALOGING SOURCE
Original cataloging agency BD-RjUL
Language of cataloging eng
Transcribing agency BD-RjUL
Modifying agency BD-RjUL
041 ## - LANGUAGE CODE
Language code of text/sound track or separate title eng
082 ## - DEWEY DECIMAL CLASSIFICATION NUMBER
Classification number 658.4038
Author mark and year SAM 2005
100 ## - MAIN ENTRY--PERSONAL NAME
Personal name Sadagopan, S
9 (RLIN) 49076
245 ## - TITLE STATEMENT
Title Management information systems /
Statement of responsibility, etc. S Sadagopan
260 ## - PUBLICATION, DISTRIBUTION, ETC. (IMPRINT)
Place of publication, distribution, etc. New Delhi :
Name of publisher, distributor, etc. Prentice-Hall of India,
Date of publication, distribution, etc. c1997 [Printing 2005]
300 ## - PHYSICAL DESCRIPTION
Pagination xiii, 217 p. :
Illustrations ill. ;
Size 24 cm.
650 ## - SUBJECT ADDED ENTRY--TOPICAL TERM
Source of heading or term
Topical term or geographic name as entry element Management information systems.
9 (RLIN) 118870
Topical term or geographic name as entry element Management information systems
General subdivision Management.
9 (RLIN) 159172
942 ## - ADDED ENTRY ELEMENTS (KOHA)
Source of classification or shelving scheme Dewey Decimal Classification
Koha item type Books
Holdings
Lost status Source of classification or shelving scheme Damaged status Not for loan Collection code Permanent Location Current Location Shelving location Date acquired Source of acquisition Cost, normal purchase price Total Checkouts Full call number Date last seen Copy number Koha item type
  Dewey Decimal Classification     Non-fiction Central Library, University of Rajshahi Central Library, University of Rajshahi   10/06/2006 Paragon Enterprises 195.00   658.4038 SAM 2005 11/02/2014 C-3 Books
  Dewey Decimal Classification     Non-fiction Central Library, University of Rajshahi Central Library, University of Rajshahi   10/06/2006 Paragon Enterprises Dhaka 195.00   658.4038 SAM 2005 03/10/2016 C-2 Books
  Dewey Decimal Classification   Not For Loan Non-fiction Central Library, University of Rajshahi Central Library, University of Rajshahi Reading Room 10/06/2006 Dhaka, Paragon Enterprises Ltd. 195.00   658.4038 SAM 2005 19/01/2017 C-1 Books